Géographie - Villes de la région Île-de-France - Clic Quiz - Statistiques

Statistiques générales
  • Ce quiz a été pris 167 fois
  • Le résultat moyen est 74 sur 150
Statistiques - réponses
Hint Réponse % Correct
Boulogne-Billancourt Hauts-de-Seine
66%
Paris Paris
66%
Issy-les-Moulineaux Hauts-de-Seine
63%
Colombes Hauts-de-Seine
62%
Courbevoie Hauts-de-Seine
62%
Puteaux Hauts-de-Seine
62%
Meaux Seine-et-Marne
62%
Bondy Seine-Saint-Denis
62%
Rosny-sous-Bois Seine-Saint-Denis
62%
Champigny-sur-Marne Val-de-Marne
60%
Corbeil-Essonnes Essonne
59%
Nanterre Hauts-de-Seine
59%
Asnières-sur-Seine Hauts-de-Seine
59%
Levallois-Perret Hauts-de-Seine
59%
Clamart Hauts-de-Seine
59%
Aulnay-sous-Bois Seine-Saint-Denis
59%
Pantin Seine-Saint-Denis
59%
Versailles Yvelines
59%
Neuilly-sur-Seine Hauts-de-Seine
58%
Malakoff Hauts-de-Seine
58%
La Garenne-Colombes Hauts-de-Seine
58%
Bois-Colombes Hauts-de-Seine
58%
Sèvres Hauts-de-Seine
58%
Saint-Denis Seine-Saint-Denis
58%
Bobigny Seine-Saint-Denis
58%
Sevran Seine-Saint-Denis
58%
Nogent-sur-Marne Val-de-Marne
58%
Évry-Courcouronnes Essonne
56%
Gennevilliers Hauts-de-Seine
56%
Saint-Cloud Hauts-de-Seine
56%
Montreuil Seine-Saint-Denis
56%
Le Blanc-Mesnil Seine-Saint-Denis
56%
Ivry-sur-Seine Val-de-Marne
56%
Argenteuil Val-d'Oise
56%
Cergy Val-d'Oise
56%
Sarcelles Val-d'Oise
56%
Gonesse Val-d'Oise
56%
Trappes Yvelines
56%
Plaisir Yvelines
56%
Rueil-Malmaison Hauts-de-Seine
55%
Bagneux Hauts-de-Seine
55%
Melun Seine-et-Marne
55%
Aubervilliers Seine-Saint-Denis
55%
Drancy Seine-Saint-Denis
55%
Noisy-le-Grand Seine-Saint-Denis
55%
Villepinte Seine-Saint-Denis
55%
Créteil Val-de-Marne
55%
Villejuif Val-de-Marne
55%
Vincennes Val-de-Marne
55%
Charenton-le-Pont Val-de-Marne
55%
Garges-lès-Gonesse Val-d'Oise
55%
Massy Essonne
53%
Savigny-sur-Orge Essonne
53%
Athis-Mons Essonne
53%
Ris-Orangis Essonne
53%
Étampes Essonne
53%
Montrouge Hauts-de-Seine
53%
Suresnes Hauts-de-Seine
53%
Vanves Hauts-de-Seine
53%
Noisy-le-Sec Seine-Saint-Denis
53%
La Courneuve Seine-Saint-Denis
53%
Tremblay-en-France Seine-Saint-Denis
53%
Pierrefitte-sur-Seine Seine-Saint-Denis
53%
Vitry-sur-Seine Val-de-Marne
53%
Pontoise Val-d'Oise
53%
Mantes-la-Jolie Yvelines
53%
Saint-Germain-en-Laye Yvelines
53%
Rambouillet Yvelines
53%
Brétigny-sur-Orge Essonne
52%
Antony Hauts-de-Seine
52%
Épinay-sur-Seine Seine-Saint-Denis
52%
Bagnolet Seine-Saint-Denis
52%
Saint-Maur-des-Fossés Val-de-Marne
52%
Villiers-sur-Marne Val-de-Marne
52%
Ermont Val-d'Oise
52%
Poissy Yvelines
52%
Meudon Hauts-de-Seine
51%
Châtillon Hauts-de-Seine
51%
Chelles Seine-et-Marne
51%
Maisons-Alfort Val-de-Marne
51%
Alfortville Val-de-Marne
51%
L'Haÿ-les-Roses Val-de-Marne
51%
Sartrouville Yvelines
51%
Palaiseau Essonne
49%
Les Lilas Seine-Saint-Denis
49%
Orly Val-de-Marne
49%
Saint-Mandé Val-de-Marne
49%
Eaubonne Val-d'Oise
49%
Les Mureaux Yvelines
49%
Houilles Yvelines
49%
Villeneuve-la-Garenne Hauts-de-Seine
48%
Torcy Seine-et-Marne
48%
Saint-Ouen-sur-Seine Seine-Saint-Denis
48%
Livry-Gargan Seine-Saint-Denis
48%
Stains Seine-Saint-Denis
48%
Les Pavillons-sous-Bois Seine-Saint-Denis
48%
Goussainville Val-d'Oise
48%
Montigny-le-Bretonneux Yvelines
48%
Clichy-sous-Bois Seine-Saint-Denis
47%
Romainville Seine-Saint-Denis
47%
Villeneuve-Saint-Georges Val-de-Marne
47%
Franconville Val-d'Oise
47%
Longjumeau Essonne
45%
Clichy Hauts-de-Seine
45%
Pontault-Combault Seine-et-Marne
45%
Gagny Seine-Saint-Denis
45%
Montfermeil Seine-Saint-Denis
45%
Le Perreux-sur-Marne Val-de-Marne
45%
Le Kremlin-Bicêtre Val-de-Marne
45%
Villiers-le-Bel Val-d'Oise
45%
Guyancourt Yvelines
45%
Roissy-en-Brie Seine-et-Marne
44%
Chatou Yvelines
44%
Le Chesnay-Rocquencourt Yvelines
44%
Viry-Châtillon Essonne
42%
Grigny Essonne
42%
Villemomble Seine-Saint-Denis
42%
Thiais Val-de-Marne
42%
Sannois Val-d'Oise
42%
Saint-Ouen-l'Aumône Val-d'Oise
42%
Élancourt Yvelines
42%
Les Ulis Essonne
41%
Châtenay-Malabry Hauts-de-Seine
41%
Le Plessis-Robinson Hauts-de-Seine
41%
Combs-la-Ville Seine-et-Marne
41%
Bezons Val-d'Oise
41%
Conflans-Sainte-Honorine Yvelines
41%
Yerres Essonne
40%
Choisy-le-Roi Val-de-Marne
40%
Fresnes Val-de-Marne
40%
Herblay-sur-Seine Val-d'Oise
40%
Sainte-Geneviève-des-Bois Essonne
38%
Brunoy Essonne
38%
Villeparisis Seine-et-Marne
38%
Cachan Val-de-Marne
38%
Champs-sur-Marne Seine-et-Marne
37%
Neuilly-sur-Marne Seine-Saint-Denis
37%
Fontenay-sous-Bois Val-de-Marne
37%
Draveil Essonne
36%
Montgeron Essonne
36%
Fontenay-aux-Roses Hauts-de-Seine
34%
Savigny-le-Temple Seine-et-Marne
34%
Cormeilles-en-Parisis Val-d'Oise
34%
Sucy-en-Brie Val-de-Marne
33%
Taverny Val-d'Oise
33%
Maisons-Laffitte Yvelines
32%
Bussy-Saint-Georges Seine-et-Marne
30%
Deuil-la-Barre Val-d'Oise
27%
Vigneux-sur-Seine Essonne
25%
Limeil-Brévannes Val-de-Marne
23%
Aucun quiz correspondant
Distribution des résultats
% des personnes avec chaque résultat
Percentile par nombre de réponses
Votre historique - résultats
Vous n’avez pas pris ce quiz